Instrument To Lead: (Record no. 12375)
[ view plain ]
| 000 -LEADER | |
|---|---|
| fixed length control field | 00611nam a2200229 a 4500 |
| 001 - CONTROL NUMBER | |
| JCCL Control Number | 12375 |
| 003 - CONTROL NUMBER IDENTIFIER | |
| JCCL marc code | BD-JhCC |
| 005 - DATE AND TIME OF LATEST TRANSACTION | |
| control field | 20221201134023.0 |
| 008 - FIXED-LENGTH DATA ELEMENTS--GENERAL INFORMATION | |
| fixed length control field | 211211b2021 bg a|||| ||a| 000 0 eng d |
| 020 ## - INTERNATIONAL STANDARD BOOK NUMBER | |
| International Standard Book Number | 9789849519034 |
| 035 ## - SYSTEM CONTROL NUMBER | |
| system control number | (BD-JhCC)12375 |
| 040 ## - CATALOGING SOURCE | |
| Original cataloging agency | BD-JhCC |
| Modifying agency | BD-JhCC |
| 041 ## - LANGUAGE CODE | |
| Language code of Book | English |
| 082 ## - DEWEY DECIMAL CLASSIFICATION NUMBER | |
| Classification number | 658.4092 |
| Author mark and Year | DOW 2021 |
| 100 ## - MAIN ENTRY--PERSONAL NAME | |
| Personal name | Dowla,Ashraf Ud |
| 245 ## - TITLE STATEMENT | |
| Title | Instrument To Lead: |
| Remainder of title | An Assistance To Young Leaders/ |
| Statement of responsibility, etc | Ashraf Ud Dowla. |
| 260 ## - PUBLICATION, DISTRIBUTION, ETC. (IMPRINT) | |
| Place of publication, distribution, etc | Dhaka: |
| Name of publisher, distributor, etc | Modhumoti Printers; |
| Date of publication, distribution, etc | 2021. |
| 300 ## - PHYSICAL DESCRIPTION | |
| Pagination | 156 p. : |
| Other physical details | ill; |
| Dimensions | 19 cm. |
| 650 ## - SUBJECT ADDED ENTRY--TOPICAL TERM | |
| Topical term or geographic name as entry element | leadership |
| 942 ## - ADDED ENTRY ELEMENTS (KOHA) | |
| Source of classification or shelving scheme | Dewey Decimal Classification |
| Koha item type | Books |
| Koha issues (borrowed), all copies | 16 |
| Source of classification or shelving scheme | Damaged status | Not for loan | Home library | Current library | Shelving location | Date of accession | Cost, normal purchase price | Total Checkouts | Full call number | Barcode | Date last seen | Date checked out | Copy number | Koha item type | Method of acquisition | Currency |
|---|---|---|---|---|---|---|---|---|---|---|---|---|---|---|---|---|
| Dewey Decimal Classification | JCC Rouf Library | JCC Rouf Library | General Stacks | 05/11/2023 | 200.00 | 4 | 658.4092 DOW 2021 | 17076 | 06/18/2023 | 05/11/2023 | C-1 | Books | ||||
| Dewey Decimal Classification | JCC Rouf Library | JCC Rouf Library | General Stacks | 200.00 | 2 | 658.4092 DOW 2021 | 17077 | 12/21/2022 | 10/13/2022 | C-2 | Books | |||||
| Dewey Decimal Classification | JCC Rouf Library | JCC Rouf Library | General Stacks | 03/27/2024 | 200.00 | 1 | 658.4092 DOW 2021 | 17078 | 03/27/2024 | 12/18/2021 | C-3 | Books | ||||
| Dewey Decimal Classification | JCC Rouf Library | JCC Rouf Library | General Stacks | 05/09/2023 | 200.00 | 3 | 658.4092 DOW 2021 | 17079 | 06/19/2023 | 05/09/2023 | C-4 | Books | ||||
| Dewey Decimal Classification | JCC Rouf Library | JCC Rouf Library | General Stacks | 05/29/2023 | 200.00 | 3 | 658.4092 DOW 2021 | 17080 | 02/14/2024 | 02/07/2024 | C-5 | Books | ||||
| Dewey Decimal Classification | JCC Rouf Library | JCC Rouf Library | General Stacks | 05/13/2024 | 200.00 | 3 | 658.4092 DOW 2021 | 17081 | 05/15/2024 | 05/13/2024 | C-6 | Books | ||||
| Dewey Decimal Classification | JCC Rouf Library | JCC Rouf Library | General Stacks | 06/22/2023 | 200.00 | 2 | 658.4092 DOW 2021 | 17082 | 12/22/2022 | 11/17/2022 | C-7 | Books | Purchase | |||
| Dewey Decimal Classification | JCC Rouf Library | JCC Rouf Library | General Stacks | 06/22/2023 | 200.00 | 2 | 658.4092 DOW 2021 | 17083 | 12/12/2022 | 08/30/2022 | C-8 | Books | Purchase | |||
| Dewey Decimal Classification | JCC Rouf Library | JCC Rouf Library | General Stacks | 02/05/2024 | 200.00 | 1 | 658.4092 DOW 2021 | 17084 | 02/05/2024 | 06/12/2022 | C-9 | Books | ||||
| Dewey Decimal Classification | JCC Rouf Library | JCC Rouf Library | General Stacks | 12/14/2021 | 200.00 | 4 | 658.4092 DOW 2021 | 17085 | 08/09/2023 | 05/15/2023 | C-10 | Books | ||||
| Dewey Decimal Classification | JCC Rouf Library | JCC Rouf Library | General Stacks | 03/23/2023 | 250.00 | 658.4092 DOW 2021 | 17583 | 03/27/2023 | C-11 | Books | Purchase | BDT | ||||
| Dewey Decimal Classification | JCC Rouf Library | JCC Rouf Library | General Stacks | 03/23/2023 | 250.00 | 658.4092 DOW 2021 | 17584 | 03/27/2023 | C-12 | Books | Purchase | BDT | ||||
| Dewey Decimal Classification | JCC Rouf Library | JCC Rouf Library | General Stacks | 03/23/2023 | 250.00 | 658.4092 DOW 2021 | 17585 | 03/27/2023 | C-13 | Books | Purchase | BDT | ||||
| Dewey Decimal Classification | JCC Rouf Library | JCC Rouf Library | General Stacks | 03/23/2023 | 250.00 | 658.4092 DOW 2021 | 17586 | 03/27/2023 | C-14 | Books | Purchase | BDT |